Efektivní využití dat

Vzťahy so zákazníkmi a firmy podnikajúce na finančnom trhu. Oboznámenie sa so zákazníkom a jeho potrebami. Vzájomná dôvera a zbieranie dát. Určenie hodnoty zákazníka (Customer Value Management), udržanie zákazníka (Client Retention), a ponuka správneho produktu (x-sell).

Gespeichert in:
Bibliographische Detailangaben
1. Verfasser: Živnůstka, Jiří
Format: Buchkapitel
Sprache:Tschechisch
Schlagworte:
Tags: Tag hinzufügen
Keine Tags, Fügen Sie das erste Tag hinzu!

MARC

LEADER 00000naa a2200000 4500
001 0125693
005 20231129094030.3
041 0 |a cze 
044 |a CZ 
245 1 0 |a Efektivní využití dat  |c Jiří Živnůstka 
520 |a Vzťahy so zákazníkmi a firmy podnikajúce na finančnom trhu. Oboznámenie sa so zákazníkom a jeho potrebami. Vzájomná dôvera a zbieranie dát. Určenie hodnoty zákazníka (Customer Value Management), udržanie zákazníka (Client Retention), a ponuka správneho produktu (x-sell). 
610 2 0 |a banky 
610 2 0 |a inštitúcie finančné 
610 2 0 |a bankovníctvo 
610 2 0 |a služby bankové 
610 2 0 |a služby finančné 
610 2 0 |a služby investičné 
610 2 0 |a informácie 
610 2 0 |a dáta 
610 2 0 |a klienti 
610 2 0 |a starostlivosť o zákazníkov 
610 2 0 |a systém CRM 
100 1 |a Živnůstka, Jiří